Statistics for Name The Yellow Power Rangers

Click here to take the quiz!

General Stats

  • This quiz has been taken 820 times
  • The average score is 16 of 20

Answer Stats

TeamAnswer% Correct
Mighty Morphin (1)Trini Kwan
93%
SPDElizabeth 'Z' Delgado
87%
Ninja StormDustin Brooks
84%
Dino ThunderKira Ford
84%
Mighty Morphin (2)Aisha Campbell
83%
SamuraiEmily
83%
MegaforceGia Moran
83%
SpaceAshley Hammond
81%
Turbo (2)Ashley Hammond
81%
Mystic ForceCharlie 'Chip' Thorn
81%
Lost GalaxyMaya
79%
Turbo (1)Tanya Sloan
79%
ZeoTanya Sloan
79%
RPMSummer Landsdown
78%
Jungle FuryLily Chilman
77%
Wild ForceTaylor Earhardt
76%
Time ForceKatie Walker
72%
Lightspeed RescueKelsey Winslow
69%
Operation OverdriveRonny Robinson
65%
AlienTideus
50%

Score Distribution

Percentile by Number Answered

Percent of People with Each Score

Your Score History

You have not taken this quiz